000
00289nam a2200109Ia 4500
008
230724s1999 xx und d
041
_a
eng
100
_a
LITTLEWOOD M.
245
_a
LANDSCAPE DETAILING VOLL- I ENCLOSURE IIIRD EDTION.
260
_b
C.B.S PUBLISHERS
_c
1999
300
_a
193
999
_c
1171477
_d
1171477